000 00356nam a2200169Ia 4500
100 _aTokheim
650 _aDigial Electronics
250 _a6
942 _cBK
366 _f25
245 _aDigital Electronics
260 _bTata Mc Graw hill Ltd.
_c2003
082 _a621.3185
_bTOK
300 _a518
546 _aENGLISH
_cPAMPHALETS
999 _c18381
_d18381